[Event "Valasska Bystrice op"]
[Site "Valasska Bystrice"]
[Date "2023.09.15"]
[Round "8"]
[White "Vlachopulos, Georgis"]
[Black "Zavodny, Jaroslav"]
[Result "0-1"]
[WhiteElo "1921"]
[BlackElo "1847"]
[PlyCount "64"]
[EventDate "2023.09.09"]
[EventType "swiss"]
[EventRounds "9"]
[EventCountry "CZE"]
[SourceTitle "EXT 2024"]
[Source "ChessBase"]
[SourceDate "2023.10.10"]
[SourceVersion "1"]
[SourceVersionDate "2023.10.10"]
[SourceQuality "1"]

1. d4 d5 2. Bf4 Nf6 3. Nf3 e6 4. Nbd2 Nbd7 5. e3 Be7 6. Bd3 b6 7. Ne5 Nxe5 8. Bxe5 c6 9. 0-0 0-0 10. c3 c5 11. Qf3 Bb7 12. Qh3 g6 13. Be2 Bd6 14. Nf3 Bxe5 15. dxe5 Ne4 16. Bd3 Ng5 17. Nxg5 Qxg5 18. f4 Qe7 19. Qg3 Rfe8 20. h4 Rad8 21. h5 d4 22. exd4 cxd4 23. c4 Kh8 24. hxg6 hxg6 25. Kf2 Kg7 26. Rh1 Rh8 27. Rh3 Rxh3 28. Qxh3 Rh8 29. Qg3 Qb4 30. Rb1 Qd2+ 31. Kg1 Bxg2 32. Qxg2 Qe3+ 0-1

[Event "Valasska Bystrice op 13th"]
[Site "Valasska Bystrice"]
[Date "2022.09.12"]
[Round "4"]
[White "Zavodny, Jaroslav"]
[Black "Bares, Jachym"]
[Result "0-1"]
[WhiteElo "1859"]
[BlackElo "2103"]
[PlyCount "46"]
[EventDate "2022.09.10"]
[EventType "swiss"]
[EventRounds "9"]
[EventCountry "CZE"]
[SourceTitle "CBM 210 Extra"]
[Source "ChessBase"]
[SourceDate "2022.11.30"]
[SourceVersion "1"]
[SourceVersionDate "2022.11.30"]
[SourceQuality "1"]

1. e4 e5 2. Nf3 Nc6 3. Bc4 Nf6 4. Ng5 d5 5. exd5 Na5 6. Bb5+ c6 7. dxc6 bxc6 8. Qf3 Be7 9. Ne4 Nd5 10. Ba4 0-0 11. d3 f5 12. Nec3 e4 13. dxe4 fxe4 14. Qe2 Qb6 15. Nxd5 cxd5 16. Nc3 Bc5 17. 0-0 Ba6 18. Bb5 Bxb5 19. Nxb5 Rxf2 20. Rxf2 Rf8 21. b4 Bxf2+ 22. Kh1 Nc4 23. Nc3 Qd4 0-1

[Event "CZE-chT1E 2122"]
[Site "Czech Republic"]
[Date "2022.03.27"]
[Round "11.2"]
[White "Zavodny, Jaroslav"]
[Black "Ruman, Martin"]
[Result "1/2-1/2"]
[WhiteElo "1860"]
[BlackElo "1888"]
[PlyCount "61"]
[EventDate "2021.10.09"]
[EventType "team-tourn"]
[EventRounds "11"]
[EventCountry "CZE"]
[SourceTitle "EXT 2023"]
[Source "ChessBase"]
[SourceDate "2022.10.05"]
[SourceVersion "1"]
[SourceVersionDate "2022.10.05"]
[SourceQuality "1"]
[WhiteTeam "Vsetin"]
[BlackTeam "Cesky Tesin"]
[WhiteTeamCountry "CZE"]
[BlackTeamCountry "CZE"]

1. e4 e5 2. Nf3 Nf6 3. Nxe5 d6 4. Nf3 Nxe4 5. d4 d5 6. Bd3 Nf6 7. Bg5 Be7 8. 0-0 0-0 9. Nbd2 h6 10. Bh4 Bg4 11. c3 c6 12. h3 Bxf3 13. Nxf3 Nbd7 14. Re1 Re8 15. Ne5 Nxe5 16. dxe5 Nd7 17. Bg3 Bh4 18. Bf4 Nc5 19. Bc2 Ne6 20. Qg4 Nxf4 21. Qxf4 Qg5 22. Qf5 g6 23. Qxg5 Bxg5 24. g3 Kg7 25. Re2 Re6 26. Rae1 Rae8 27. f4 Bd8 28. Kf2 Bc7 29. Kf3 a5 30. a4 Kf8 31. Bb3 1/2-1/2

[Event "Vsetin op 45th"]
[Site "Vsetin"]
[Date "2020.07.09"]
[Round "8"]
[White "Vantuch, Lucian"]
[Black "Zavodny, Jaroslav"]
[Result "1/2-1/2"]
[WhiteElo "1981"]
[BlackElo "1845"]
[PlyCount "58"]
[EventDate "2020.07.04"]
[EventType "swiss"]
[EventRounds "9"]
[EventCountry "CZE"]
[SourceTitle "CBM 197 Extra"]
[Source "ChessBase"]
[SourceDate "2020.09.30"]
[SourceVersion "1"]
[SourceVersionDate "2020.09.30"]
[SourceQuality "1"]

1. e4 d6 2. d4 Nf6 3. f3 g6 4. c4 Bg7 5. Nc3 0-0 6. Be3 e5 7. d5 Nh5 8. g4 Nf4 9. Qd2 f5 10. gxf5 gxf5 11. 0-0-0 Qh4 12. Nge2 Bh6 13. Nxf4 Bxf4 14. Rg1+ Kh8 15. Bxf4 Qxf4 16. Qxf4 exf4 17. Bh3 Na6 18. Rg5 fxe4 19. Bxc8 Raxc8 20. Nxe4 Rg8 21. Rdg1 Rxg5 22. Rxg5 Rf8 23. a3 Nc5 24. Nxc5 dxc5 25. Kd2 h6 26. Rg4 Kh7 27. Kd3 h5 28. Rg5 Re8 29. Kd2 Re3 1/2-1/2

[Event "Vsetin op 45th"]
[Site "Vsetin"]
[Date "2020.07.06"]
[Round "3"]
[White "Zavodny, Jaroslav"]
[Black "Koper, Stefan"]
[Result "1/2-1/2"]
[WhiteElo "1845"]
[BlackElo "1881"]
[PlyCount "33"]
[EventDate "2020.07.04"]
[EventType "swiss"]
[EventRounds "9"]
[EventCountry "CZE"]
[SourceTitle "CBM 197 Extra"]
[Source "ChessBase"]
[SourceDate "2020.09.30"]
[SourceVersion "1"]
[SourceVersionDate "2020.09.30"]
[SourceQuality "1"]

1. e4 e6 2. Nf3 d5 3. exd5 exd5 4. d4 Be7 5. Bd3 Nf6 6. Bg5 0-0 7. 0-0 Bg4 8. Nbd2 Nbd7 9. c3 c6 10. Qc2 h6 11. Bh4 Re8 12. Rfe1 Bxf3 13. Nxf3 Nf8 14. Bf5 N6h7 15. Bxe7 Rxe7 16. Rxe7 Qxe7 17. Re1 1/2-1/2

[Event "Vsetin op 45th"]
[Site "Vsetin"]
[Date "2020.07.04"]
[Round "1"]
[White "Zavodny, Jaroslav"]
[Black "Babula, Vlastimil1111"]
[Result "0-1"]
[WhiteElo "1845"]
[BlackElo "2135"]
[PlyCount "70"]
[EventDate "2020.07.04"]
[EventType "swiss"]
[EventRounds "9"]
[EventCountry "CZE"]
[SourceTitle "CBM 197 Extra"]
[Source "ChessBase"]
[SourceDate "2020.09.30"]
[SourceVersion "1"]
[SourceVersionDate "2020.09.30"]
[SourceQuality "1"]

1. e4 c5 2. Nc3 Nc6 3. f4 d6 4. Nf3 g6 5. Bb5 Bg7 6. Bxc6+ bxc6 7. 0-0 Nf6 8. e5 Nd5 9. exd6 exd6 10. Nxd5 cxd5 11. Re1+ Be6 12. Ng5 0-0 13. Rxe6 fxe6 14. Nxe6 Qf6 15. Nxf8 Qd4+ 16. Kh1 Rxf8 17. d3 Re8 18. Qg1 Qxg1+ 19. Kxg1 Re1+ 20. Kf2 Rh1 21. c3 Kf7 22. a4 Ke6 23. h3 h5 24. Kf3 h4 25. Kf2 Kf5 26. Kf3 Bf6 27. Kf2 g5 28. fxg5 Bxg5 29. Bxg5 Rxa1 30. Bxh4 Rxa4 31. g4+ Ke6 32. Bd8 Ra2 33. h4 Rxb2+ 34. Ke3 Kd7 35. Bf6 a5 0-1

[Event "Valasska Bystrice op 11th"]
[Site "Valasska Bystrice"]
[Date "2019.09.14"]
[Round "9"]
[White "Zavodny, Jaroslav"]
[Black "Smutek, Jiri"]
[Result "1/2-1/2"]
[WhiteElo "1866"]
[BlackElo "1521"]
[PlyCount "44"]
[EventDate "2019.09.07"]
[EventType "swiss"]
[EventRounds "9"]
[EventCountry "CZE"]
[SourceTitle "EXT 2020"]
[Source "ChessBase"]
[SourceDate "2019.10.17"]
[SourceVersion "1"]
[SourceVersionDate "2019.10.17"]
[SourceQuality "1"]

1. e4 e5 2. Nf3 Nc6 3. Bc4 Bc5 4. c3 d6 5. b4 Bb6 6. Qb3 Qe7 7. a4 a5 8. b5 Nd8 9. d3 Be6 10. Be3 Bxe3 11. fxe3 Bxc4 12. Qxc4 Nf6 13. h3 0-0 14. Nbd2 Rc8 15. 0-0 Qe6 16. Qa2 Qxa2 17. Rxa2 Ne6 18. Nb3 b6 19. Raf2 Nd7 20. d4 f6 21. Nh4 Ng5 22. Nd2 Rce8 1/2-1/2

[Event "Valasska Bystrice op 11th"]
[Site "Valasska Bystrice"]
[Date "2019.09.13"]
[Round "8"]
[White "Jerabkova, Julia"]
[Black "Zavodny, Jaroslav"]
[Result "1/2-1/2"]
[WhiteElo "1704"]
[BlackElo "1866"]
[PlyCount "26"]
[EventDate "2019.09.07"]
[EventType "swiss"]
[EventRounds "9"]
[EventCountry "CZE"]
[SourceTitle "EXT 2020"]
[Source "ChessBase"]
[SourceDate "2019.10.17"]
[SourceVersion "1"]
[SourceVersionDate "2019.10.17"]
[SourceQuality "1"]

1. d4 d6 2. c4 e5 3. e3 e4 4. Nc3 f5 5. Nge2 Nf6 6. Ng3 g6 7. Bd2 Bg7 8. Be2 c6 9. Rb1 Be6 10. Qb3 Qb6 11. Bd1 Nbd7 12. Nce2 Qxb3 13. Bxb3 a5 1/2-1/2

[Event "Valasska Bystrice op 11th"]
[Site "Valasska Bystrice"]
[Date "2019.09.07"]
[Round "1"]
[White "Zavodny, Jaroslav"]
[Black "Valenta, Josef"]
[Result "1-0"]
[WhiteElo "1866"]
[BlackElo "1500"]
[PlyCount "89"]
[EventDate "2019.09.07"]
[EventType "swiss"]
[EventRounds "9"]
[EventCountry "CZE"]
[SourceTitle "EXT 2020"]
[Source "ChessBase"]
[SourceDate "2019.10.17"]
[SourceVersion "1"]
[SourceVersionDate "2019.10.17"]
[SourceQuality "1"]

1. e4 c5 2. Nc3 Nc6 3. f4 e6 4. Nf3 d6 5. Bb5 Qc7 6. 0-0 a6 7. Bxc6+ Qxc6 8. d3 g6 9. b3 Bg7 10. Bb2 Ne7 11. e5 d5 12. Ne2 Nf5 13. Bc1 d4 14. g4 Ne7 15. Ng3 0-0 16. g5 Nd5 17. Ne4 Nc3 18. Nxc3 dxc3 19. Qe1 b6 20. Qxc3 Bb7 21. Be3 Rac8 22. Kg2 Rfd8 23. Kg3 Rd7 24. Rf2 Rcd8 25. Nd2 Qc7 26. b4 Rc8 27. Nc4 Bd5 28. bxc5 bxc5 29. Rb1 Bxc4 30. Qxc4 Qc6 31. Rff1 Bf8 32. Rb3 Kg7 33. Rfb1 Ra7 34. Rb6 Qd5 35. Qxd5 exd5 36. Rb7 Rc7 37. Rxa7 Rxa7 38. a3 d4 39. Bf2 h6 40. h4 h5 41. Kf3 Rc7 42. Rb6 a5 43. Rb5 Ra7 44. Ke4 Be7 45. Be1 1-0

[Event "Vsetin op 44th"]
[Site "Vsetin"]
[Date "2019.07.05"]
[Round "8"]
[White "Paseka, Matyas"]
[Black "Zavodny, Jaroslav"]
[Result "0-1"]
[WhiteElo "1941"]
[BlackElo "1829"]
[PlyCount "62"]
[EventDate "2019.06.29"]
[EventType "swiss"]
[EventRounds "9"]
[EventCountry "CZE"]
[SourceTitle "CBM 191 Extra"]
[Source "ChessBase"]
[SourceDate "2019.09.30"]
[SourceVersion "1"]
[SourceVersionDate "2019.09.30"]
[SourceQuality "1"]

1. e4 e5 2. Nf3 Nf6 3. Nxe5 d6 4. Nf3 Nxe4 5. d4 d5 6. Bd3 Bd6 7. 0-0 0-0 8. c4 c6 9. Nc3 Nxc3 10. bxc3 Bg4 11. cxd5 cxd5 12. h3 Bh5 13. g4 Bg6 14. Bxg6 hxg6 15. Qb3 b6 16. Ne5 Bxe5 17. dxe5 Nc6 18. f4 Na5 19. Qc2 Qc7 20. Be3 Rac8 21. Bd4 Qc4 22. e6 Qxd4+ 23. Rf2 Qxc3 24. exf7+ Rxf7 25. Qd1 d4 26. Rf3 Qc5 27. Qd3 Rf6 28. Rd1 Nc6 29. Qb3+ Kh7 30. Rd2 d3+ 31. Kg2 Nd4 0-1

[Event "Vsetin op 44th"]
[Site "Vsetin"]
[Date "2019.07.04"]
[Round "7"]
[White "Zavodny, Jaroslav"]
[Black "Stalmach, Richard"]
[Result "0-1"]
[WhiteElo "1829"]
[BlackElo "2381"]
[PlyCount "72"]
[EventDate "2019.06.29"]
[EventType "swiss"]
[EventRounds "9"]
[EventCountry "CZE"]
[SourceTitle "CBM 191 Extra"]
[Source "ChessBase"]
[SourceDate "2019.09.30"]
[SourceVersion "1"]
[SourceVersionDate "2019.09.30"]
[SourceQuality "1"]

1. Nf3 Nf6 2. g3 g6 3. Bg2 Bg7 4. 0-0 0-0 5. c4 d6 6. d4 Nbd7 7. Nc3 e5 8. e3 c6 9. Qc2 Qe7 10. b3 a6 11. Ba3 Rb8 12. dxe5 Nxe5 13. Rad1 Rd8 14. Nd4 c5 15. Nde2 b5 16. Nd5 Nxd5 17. Bxd5 Bf5 18. Qd2 bxc4 19. bxc4 Bh3 20. Rfe1 Be6 21. Nf4 Nxc4 22. Bxc4 Bxc4 23. Nd5 Qe4 24. Nc3 Qe5 25. Nd5 Qe4 26. Nc3 Bxc3 27. Qxc3 Bd5 28. Rxd5 Qxd5 29. Bb2 Qe5 30. Qxe5 dxe5 31. Bxe5 Rb4 32. Rc1 Rd5 33. Bf6 Rf5 34. Ba1 Ra4 35. f4 Rd5 36. Rb1 f5 0-1

[Event "Vsetin op 44th"]
[Site "Vsetin"]
[Date "2019.07.03"]
[Round "6"]
[White "Juricek, Stanislav"]
[Black "Zavodny, Jaroslav"]
[Result "1-0"]
[WhiteElo "2044"]
[BlackElo "1829"]
[PlyCount "25"]
[EventDate "2019.06.29"]
[EventType "swiss"]
[EventRounds "9"]
[EventCountry "CZE"]
[SourceTitle "CBM 191 Extra"]
[Source "ChessBase"]
[SourceDate "2019.09.30"]
[SourceVersion "1"]
[SourceVersionDate "2019.09.30"]
[SourceQuality "1"]

1. e4 e5 2. Nf3 Nf6 3. d3 Nc6 4. Be2 d5 5. Nbd2 Bg4 6. c3 Qd7 7. 0-0 0-0-0 8. b4 Qe8 9. Qb3 d4 10. cxd4 Rxd4 11. Nxd4 Nxd4 12. Bxg4+ Kb8 13. Qd1 1-0

[Event "Vsetin op 44th"]
[Site "Vsetin"]
[Date "2019.07.02"]
[Round "5"]
[White "Zavodny, Jaroslav"]
[Black "Frank, Adam"]
[Result "1/2-1/2"]
[WhiteElo "1829"]
[BlackElo "2125"]
[PlyCount "110"]
[EventDate "2019.06.29"]
[EventType "swiss"]
[EventRounds "9"]
[EventCountry "CZE"]
[SourceTitle "CBM 191 Extra"]
[Source "ChessBase"]
[SourceDate "2019.09.30"]
[SourceVersion "1"]
[SourceVersionDate "2019.09.30"]
[SourceQuality "1"]

1. Nf3 d6 2. c4 g6 3. g3 Bg7 4. Bg2 f5 5. Nc3 e5 6. d3 Nf6 7. 0-0 0-0 8. Qc2 Nc6 9. e3 Kh8 10. a3 Be6 11. Ng5 Bg8 12. Nd5 Nxd5 13. cxd5 Qxg5 14. dxc6 b6 15. Bd2 a5 16. Rae1 a4 17. f4 Qd8 18. e4 Bb3 19. Qc1 exf4 20. Rxf4 fxe4 21. Rfxe4 Rf7 22. Bc3 Qf8 23. Qe3 Bd5 24. Bxg7+ Qxg7 25. Re8+ Rxe8 26. Qxe8+ Rf8 27. Bxd5 Qd4+ 28. Qe3 Qxd5 29. Qe4 Qf7 30. Qe3 Kg8 31. Qe6 Qxe6 32. Rxe6 Kf7 33. Re4 d5 34. Rxa4 Ke6 35. Kg2 Ke5 36. Rg4 d4 37. Re4+ Kd5 38. Re7 Kxc6 39. Rxh7 Kd6 40. Rh4 Kd5 41. Rg4 Rf6 42. Rg5+ Kd6 43. a4 c5 44. b3 Re6 45. h4 Re3 46. Rxg6+ Ke7 47. h5 Kf7 48. Rxb6 Rxd3 49. a5 Re3 50. Kf2 Re5 51. a6 Rxh5 52. a7 Rh2+ 53. Kg1 Ra2 54. Rb7+ Kf6 55. Rc7 Kf5 1/2-1/2

[Event "Vsetin op 44th"]
[Site "Vsetin"]
[Date "2019.07.01"]
[Round "3"]
[White "Zavodny, Jaroslav"]
[Black "Vantuch, Lucian"]
[Result "1-0"]
[WhiteElo "1829"]
[BlackElo "2048"]
[PlyCount "119"]
[EventDate "2019.06.29"]
[EventType "swiss"]
[EventRounds "9"]
[EventCountry "CZE"]
[SourceTitle "CBM 191 Extra"]
[Source "ChessBase"]
[SourceDate "2019.09.30"]
[SourceVersion "1"]
[SourceVersionDate "2019.09.30"]
[SourceQuality "1"]

1. e4 c5 2. Nc3 e6 3. f4 d5 4. e5 Nc6 5. Bb5 Nh6 6. Nf3 Qc7 7. 0-0 a6 8. Be2 Nf5 9. d3 Be7 10. Qe1 b5 11. g4 Nfd4 12. Bd1 0-0 13. g5 f5 14. Ne2 Nxe2+ 15. Bxe2 Bb7 16. Bd2 d4 17. Rc1 Rfd8 18. a3 g6 19. h4 Bf8 20. Qg3 Qb6 21. Kh2 Kf7 22. h5 Rac8 23. Qh3 Ne7 24. Nh4 Bg7 25. Kg3 c4 26. Bb4 Rc5 27. Bxc5 Qxc5 28. Bf3 Bxf3 29. Nxf3 Nd5 30. Rfe1 Rc8 31. Qh1 a5 32. Qg1 gxh5 33. Qxd4 h4+ 34. Kxh4 Qxd4 35. Nxd4 Nxf4 36. Nxb5 Rc5 37. Nd6+ Kg6 38. d4 Rd5 39. Red1 Ne2 40. c3 Nxc1 41. Rxc1 Bf8 42. Nxc4 Be7 43. Kg3 Bxg5 44. Rg1 h5 45. Kf3 Rd7 46. Nxa5 h4 47. Rg2 h3 48. Rh2 Rh7 49. Nc4 Rh4 50. Kg3 Rg4+ 51. Kxh3 Kh5 52. Rg2 Rh4+ 53. Kg3 f4+ 54. Kf2 Rh3 55. Nd2 Bh4+ 56. Ke2 Re3+ 57. Kd1 f3 58. Rg1 Bg5 59. Nf1 Rd3+ 60. Kc2 1-0

[Event "Bezmerov Bastinec Memorial-A"]
[Site "Bezmerov"]
[Date "2019.01.26"]
[Round "5"]
[White "Zavodny, Jaroslav"]
[Black "Juricek, Stanislav"]
[Result "1/2-1/2"]
[WhiteElo "1797"]
[BlackElo "2079"]
[PlyCount "20"]
[EventDate "2019.01.25"]
[EventType "swiss"]
[EventRounds "5"]
[EventCountry "CZE"]
[SourceTitle "CBM 188 Extra"]
[Source "ChessBase"]
[SourceDate "2019.02.26"]
[SourceVersion "1"]
[SourceVersionDate "2019.02.26"]
[SourceQuality "1"]

1. e4 e6 2. Nf3 d5 3. exd5 exd5 4. d4 Bd6 5. Bd3 Ne7 6. c3 0-0 7. 0-0 Bf5 8. Bxf5 Nxf5 9. Qd3 Qd7 10. Ne5 Bxe5 1/2-1/2

[Event "Bezmerov Bastinec Memorial-A"]
[Site "Bezmerov"]
[Date "2019.01.25"]
[Round "1"]
[White "Zavodny, Jaroslav"]
[Black "Simek, Viktor"]
[Result "1-0"]
[WhiteElo "1797"]
[BlackElo "1374"]
[PlyCount "59"]
[EventDate "2019.01.25"]
[EventType "swiss"]
[EventRounds "5"]
[EventCountry "CZE"]
[SourceTitle "CBM 188 Extra"]
[Source "ChessBase"]
[SourceDate "2019.02.26"]
[SourceVersion "1"]
[SourceVersionDate "2019.02.26"]
[SourceQuality "1"]

1. e4 e5 2. Nf3 Nc6 3. Bc4 Nf6 4. Ng5 d5 5. exd5 b5 6. Bxb5 Qxd5 7. Nc3 Qxg2 8. Qf3 Qxf3 9. Nxf3 Bd7 10. d3 Bc5 11. Be3 Bb6 12. Rg1 g6 13. Bxc6 Bxc6 14. Nxe5 Bb7 15. 0-0-0 Nd5 16. Nxd5 Bxd5 17. c4 Bb7 18. c5 Ba5 19. Nc4 Bf3 20. Nxa5 Bxd1 21. Rxd1 0-0 22. Nc6 Rfe8 23. d4 Re4 24. b3 Rh4 25. d5 Kf8 26. d6 cxd6 27. cxd6 Rc8 28. d7 Rxc6+ 29. Kb2 Ke7 30. d8Q+ 1-0

[Event "Vsetin op 43rd"]
[Site "Vsetin"]
[Date "2018.07.09"]
[Round "7"]
[White "Yanjinlkham, Bayarsaikhan"]
[Black "Zavodny, Jaroslav"]
[Result "1-0"]
[WhiteElo "1984"]
[BlackElo "1773"]
[PlyCount "71"]
[EventDate "2018.07.04"]
[EventType "swiss"]
[EventRounds "9"]
[EventCountry "CZE"]
[SourceTitle "CBM 185 Extra"]
[Source "ChessBase"]
[SourceDate "2018.07.29"]
[SourceVersion "1"]
[SourceVersionDate "2018.07.29"]
[SourceQuality "1"]

1. d4 d6 2. Nf3 g6 3. g3 Bg7 4. Bg2 c6 5. 0-0 Nf6 6. c4 0-0 7. Nc3 d5 8. cxd5 cxd5 9. Bf4 Nc6 10. Rc1 Qb6 11. Na4 Qa6 12. a3 Ne4 13. Nc5 Nxc5 14. Rxc5 e6 15. Qd2 Re8 16. Rfc1 f6 17. Bf1 Qb6 18. b4 e5 19. dxe5 fxe5 20. Bh6 Be6 21. Bxg7 Kxg7 22. e3 Rad8 23. Ng5 d4 24. Bb5 dxe3 25. Qxe3 Bd5 26. a4 a6 27. Bxc6 bxc6 28. b5 axb5 29. axb5 Rd6 30. bxc6 Bxc6 31. Qc3 Bd7 32. Rxe5 Rf6 33. Ne4 Ref8 34. Nxf6 Rxf6 35. Re7+ Kf8 36. Rxd7 1-0

[Event "Vsetin op 43rd"]
[Site "Vsetin"]
[Date "2018.07.06"]
[Round "4"]
[White "Zavodny, Jaroslav"]
[Black "Hrabovsky, Vladimir"]
[Result "1-0"]
[WhiteElo "1773"]
[BlackElo "1984"]
[PlyCount "49"]
[EventDate "2018.07.04"]
[EventType "swiss"]
[EventRounds "9"]
[EventCountry "CZE"]
[SourceTitle "CBM 185 Extra"]
[Source "ChessBase"]
[SourceDate "2018.07.29"]
[SourceVersion "1"]
[SourceVersionDate "2018.07.29"]
[SourceQuality "1"]

1. e4 c5 2. Nc3 Nc6 3. f4 d6 4. Nf3 g6 5. Bb5 Bg7 6. 0-0 e6 7. Bxc6+ bxc6 8. e5 d5 9. d3 Ne7 10. Qe1 0-0 11. Na4 Rb8 12. Nxc5 Qb6 13. d4 Nf5 14. c3 h5 15. h3 Rd8 16. g4 hxg4 17. hxg4 Nh6 18. Qh4 Ba6 19. Rf2 Bf8 20. Nxa6 Qxa6 21. f5 Nxf5 22. gxf5 exf5 23. Bg5 Re8 24. Bf6 Bg7 25. Ng5 1-0